The ocean

Збережено в:
Бібліографічні деталі
Автор: Ommanney, Francis Downes (Автор)
Формат: Книга
Мова:Англійська
Опубліковано: Londres Oxford University Press 1961
Редагування:2a. ed
Серія:The home university library of modern knowledge, 203
Предмети:
Теги: Додати тег
Немає тегів, Будьте першим, хто поставить тег для цього запису!

MARC

LEADER 00000nam a2200000 a 4500
001 UCV5411
003 CL-VaPUC
008 930608e19610000UK |||||||||||||||||eng|d
082 0 4 |a 551.46  |b OMM  |2 21 
100 |a Ommanney, Francis Downes  |e author  |9 299745 
245 1 4 |a The ocean 
250 |a 2a. ed 
300 |a 244 p 
942 |c BK 
945 |d 19930608 00:00:00 
260 |a Londres  |b Oxford University Press  |c 1961 
650 0 |a Oceanografía  |9 260014 
583 |a last modification  |c 19930608 00:00:00  |k Rodrigo Vera 
490 0 |a The home university library of modern knowledge, 203 
999 |c 211952  |d 211950